| 000 | 00608nam a22002057a 4500 | ||
|---|---|---|---|
| 999 |
_c9780 _d9780 |
||
| 003 | GBCCL | ||
| 005 | 20241126110718.0 | ||
| 008 | 230719b ||||| |||| 00| 0 eng d | ||
| 020 | _a0310211328 | ||
| 020 | _a9780310211327 | ||
| 040 | _cgbc | ||
| 082 |
_a230.0415 _bTHI |
||
| 100 |
_aThielman, Frank _915962 |
||
| 245 |
_aTheology of the New Testament : _ba canonical and synthetic approach / _cFrank Theilman |
||
| 260 |
_aGrand Rapids : _bZondervan , _c2005 |
||
| 300 | _a798p. ; | ||
| 650 |
_aBible _vN.T. _xTheology _917005 |
||
| 650 |
_aBible _vN.T. _xcanonical criticism _917006 |
||
| 942 |
_2ddc _cREF |
||